[Event "SVE Seniors op 2nd"]
[Site "Eidelstedt"]
[Date "2019.07.22"]
[Round "3"]
[White "Salinger, Bernhard"]
[Black "Schwirz, Horst"]
[Result "0-1"]
[WhiteElo "1089"]
[BlackElo "1562"]
[PlyCount "88"]
[EventDate "2019.07.15"]
[EventType "swiss"]
[EventRounds "7"]
[EventCountry "GER"]
[SourceTitle "EXT 2020"]
[Source "ChessBase"]
[SourceDate "2019.10.17"]
[SourceVersion "1"]
[SourceVersionDate "2019.10.17"]
[SourceQuality "1"]

1. Nf3 Nf6 2. b3 g6 3. Bb2 Bg7 4. e3 d6 5. Be2 0-0 6. 0-0 e5 7. d3 Nbd7 8. e4 Nc5 9. h3 Ne6 10. Nh2 Nd4 11. Bg4 Nxg4 12. hxg4 c6 13. c3 Ne6 14. Bc1 Nf4 15. Bxf4 exf4 16. Nf3 Bxg4 17. Qe2 Re8 18. Nbd2 Bxc3 19. Rad1 d5 20. Nb1 Bg7 21. Rfe1 Qc7 22. Nbd2 Re7 23. Rc1 Rae8 24. Nf1 dxe4 25. dxe4 Qa5 26. N1h2 Bf5 27. Nd2 Bc3 28. Nc4 Qb4 29. Red1 Rxe4 30. Qf1 Re1 31. Rxe1 Bxe1 32. Nf3 Bc3 33. Rd1 Bg4 34. Nd6 Re6 35. Nc4 Bxf3 36. gxf3 b5 37. Rd8+ Kg7 38. Kg2 bxc4 39. Qc1 Qa5 40. Rd1 Qg5+ 41. Kf1 Qe5 42. bxc4 Qe2+ 43. Kg2 Bf6 44. Qxf4 Qxd1 0-1

[Event "Pinneberg op Seniors 16th"]
[Site "Pinneberg"]
[Date "2015.08.06"]
[Round "6"]
[White "Salinger, Bernhard"]
[Black "Cassens, Erhard Otto"]
[Result "0-1"]
[WhiteElo "1131"]
[BlackElo "1664"]
[PlyCount "126"]
[EventDate "2015.07.02"]
[EventType "swiss"]
[EventRounds "7"]
[EventCountry "GER"]
[SourceTitle "EXT 2017"]
[Source "ChessBase"]
[SourceDate "2016.10.25"]
[SourceVersion "1"]
[SourceVersionDate "2016.10.25"]
[SourceQuality "1"]

1. Nf3 d5 2. b3 Nc6 3. e3 Bg4 4. Bb5 Qd6 5. Bb2 a6 6. Bxc6+ Qxc6 7. 0-0 h5 8. c4 dxc4 9. bxc4 Rh6 10. d3 0-0-0 11. Nbd2 f6 12. Rb1 Rxd3 13. Qc2 Rd8 14. Nd4 Qd7 15. Qb3 e5 16. Bc3 c6 17. Nc2 Bc5 18. Nb4 Ba7 19. h3 Bf5 20. Rbd1 Qc7 21. Rfe1 Rg6 22. c5 Bxh3 23. g3 a5 24. Nc2 Bg4 25. Rb1 Qd7 26. Bxa5 Be6 27. Nc4 Bxc4 28. Qxc4 Qd5 29. Qb4 Rd7 30. Rf1 Rg4 31. Qe1 h4 32. Rd1 Qf7 33. Rxd7 Qxd7 34. Qe2 hxg3 35. Kg2 gxf2+ 36. Kxf2 Qf5+ 37. Ke1 Qe4 38. Bb6 Bxb6 39. cxb6 Qc4 40. Qxc4 Rxc4 41. Kd2 Ra4 42. Rh1 Kd7 43. Rh7 Ne7 44. Rxg7 Rxa2 45. Kd3 Rb2 46. e4 Rxb6 47. Ne3 Ke6 48. Nc4 Rb4 49. Kc3 c5 50. Rh7 b5 51. Nd2 Ra4 52. Nb3 Rc4+ 53. Kd3 Nc6 54. Rh8 Nb4+ 55. Kd2 Rc2+ 56. Kd1 Rc3 57. Re8+ Kf7 58. Kd2 Rxb3 59. Rc8 c4 60. Rb8 Nd3 61. Rb7+ Kg6 62. Kc2 Nc5 63. Rb6 Nxe4 0-1

[Event "Pinneberg op Seniors 16th"]
[Site "Pinneberg"]
[Date "2015.07.23"]
[Round "4"]
[White "Grothkopp, Dietrich"]
[Black "Salinger, Bernhard"]
[Result "1-0"]
[WhiteElo "1644"]
[BlackElo "1131"]
[PlyCount "67"]
[EventDate "2015.07.02"]
[EventType "swiss"]
[EventRounds "7"]
[EventCountry "GER"]
[SourceTitle "EXT 2017"]
[Source "ChessBase"]
[SourceDate "2016.10.25"]
[SourceVersion "1"]
[SourceVersionDate "2016.10.25"]
[SourceQuality "1"]

1. d4 Nf6 2. c4 e6 3. Nc3 Bb4 4. a3 Bxc3+ 5. bxc3 d6 6. Qc2 0-0 7. e4 c5 8. Bd3 Nbd7 9. f4 Kh8 10. Ne2 b6 11. 0-0 Bb7 12. Rf3 Ng4 13. Rh3 e5 14. Bd2 Bc8 15. Rf1 Ndf6 16. Rhf3 Nh5 17. h3 Nh6 18. f5 Bb7 19. g4 Nf6 20. g5 Nxf5 21. gxf6 gxf6 22. Rxf5 Rg8+ 23. Kh2 Bc8 24. Rxf6 Qd7 25. R1f3 exd4 26. e5 dxe5 27. Rxf7 e4 28. Rxd7 Bxd7 29. Bxe4 Rae8 30. Rf7 Bf5 31. Rxf5 d3 32. Qxd3 Rd8 33. Nd4 cxd4 34. cxd4 1-0

[Event "Pinneberg op Seniors 15th"]
[Site "Pinneberg"]
[Date "2014.??.??"]
[Round "4"]
[White "Kronenthal, Linda"]
[Black "Salinger, Bernhard"]
[Result "1-0"]
[WhiteElo "1339"]
[BlackElo "1197"]
[PlyCount "67"]
[EventDate "2014.07.03"]
[EventType "swiss"]
[EventRounds "7"]
[EventCountry "GER"]
[SourceTitle "EXT 2017"]
[Source "ChessBase"]
[SourceDate "2016.10.25"]
[SourceVersion "1"]
[SourceVersionDate "2016.10.25"]
[SourceQuality "1"]

1. c4 Nf6 2. d4 e6 3. Nf3 d6 4. Nc3 c6 5. e4 Nbd7 6. Bd3 g6 7. Bg5 Bg7 8. e5 dxe5 9. dxe5 h6 10. Bxf6 Bxf6 11. exf6 Nxf6 12. 0-0 0-0 13. Qc2 Kg7 14. Rad1 Qc7 15. Rfe1 Re8 16. Ne5 b5 17. cxb5 cxb5 18. Nxb5 Qb6 19. Nc7 Bb7 20. Nxe8+ Rxe8 21. Qb3 Qc7 22. Rc1 Qb8 23. h3 Qa8 24. f3 Rb8 25. Qc3 Rd8 26. Ng4 Rxd3 27. Qxf6+ Kg8 28. Ne5 Qe8 29. Nxd3 Qd7 30. Red1 Qd6 31. Ne5 Qb6+ 32. Kh2 Qxb2 33. Qxf7+ Kh8 34. Nxg6# 1-0

[Event "Pinneberg op Seniors 15th"]
[Site "Pinneberg"]
[Date "2014.??.??"]
[Round "7"]
[White "Salinger, Bernhard"]
[Black "Hecht, Horst"]
[Result "1-0"]
[WhiteElo "1197"]
[BlackElo "1238"]
[PlyCount "99"]
[EventDate "2014.07.03"]
[EventType "swiss"]
[EventRounds "7"]
[EventCountry "GER"]
[SourceTitle "EXT 2017"]
[Source "ChessBase"]
[SourceDate "2016.10.25"]
[SourceVersion "1"]
[SourceVersionDate "2016.10.25"]
[SourceQuality "1"]

1. Nf3 d5 2. b3 Nf6 3. e3 Nc6 4. Bb5 a6 5. Bxc6+ bxc6 6. Bb2 e6 7. 0-0 Bd6 8. Ne5 Bb7 9. d3 0-0 10. Nd2 Nd7 11. f4 f6 12. Ndf3 Nxe5 13. fxe5 fxe5 14. Bxe5 c5 15. d4 cxd4 16. Qxd4 Bxe5 17. Qxe5 Qe7 18. Rf2 Rf5 19. Qg3 c5 20. Raf1 Raf8 21. Ne5 Rxf2 22. Rxf2 Rf5 23. Ng4 Rxf2 24. Kxf2 a5 25. h4 Kh8 26. Kg1 h6 27. Ne5 Kg8 28. Ng6 Qe8 29. Nf4 Ba6 30. Qg4 Bc8 31. Nh5 Qf7 32. Nf4 Bd7 33. Qg3 e5 34. Nd3 Qh5 35. Nxe5 Qd1+ 36. Kh2 Be6 37. Qg6 Qf1 38. Qxe6+ Kh7 39. Qg6+ Kg8 40. h5 c4 41. Qe8+ Qf8 42. Qxf8+ Kxf8 43. bxc4 dxc4 44. Nc6 Ke8 45. Nd4 Kd7 46. e4 Kd6 47. Nf5+ Kc5 48. g4 Kb4 49. Nxg7 Kc3 50. g5 1-0

[Event "Pinneberg op Seniors 15th"]
[Site "Pinneberg"]
[Date "2014.??.??"]
[Round "1"]
[White "Salinger, Bernhard"]
[Black "Linke, Harry"]
[Result "0-1"]
[WhiteElo "1197"]
[BlackElo "1566"]
[PlyCount "84"]
[EventDate "2014.07.03"]
[EventType "swiss"]
[EventRounds "7"]
[EventCountry "GER"]
[SourceTitle "EXT 2017"]
[Source "ChessBase"]
[SourceDate "2016.10.25"]
[SourceVersion "1"]
[SourceVersionDate "2016.10.25"]
[SourceQuality "1"]

1. Nf3 d5 2. b3 Nf6 3. Bb2 e6 4. e3 c5 5. Bb5+ Bd7 6. a4 a6 7. Bxd7+ Nbxd7 8. 0-0 Bd6 9. d3 Qc7 10. Nbd2 e5 11. c4 e4 12. dxe4 dxe4 13. Ng5 Bxh2+ 14. Kh1 Be5 15. Bxe5 Qxe5 16. f4 Qf5 17. Qc2 h6 18. Ngxe4 Qh5+ 19. Kg1 Ng4 20. Nf3 0-0 21. Qc3 Rfe8 22. Ng3 Qg6 23. f5 Qf6 24. Qd2 Rad8 25. Nh5 Qxf5 26. Ng3 Qe6 27. e4 Ndf6 28. Qf4 Nxe4 29. Nxe4 Qxe4 30. Qg3 Rd3 31. Rae1 Re3 32. Kh1 f5 33. Rxe3 Nxe3 34. Re1 f4 35. Qf2 g5 36. Nd2 Qc6 37. Nf3 b6 38. Qd2 g4 39. Nh4 Qf6 40. Qf2 g3 41. Qd2 Qxh4+ 42. Kg1 Qh2# 0-1

[Event "Pinneberg op Seniors 15th"]
[Site "Pinneberg"]
[Date "2014.??.??"]
[Round "2"]
[White "Schulz, Hans"]
[Black "Salinger, Bernhard"]
[Result "1-0"]
[WhiteElo "1379"]
[BlackElo "1197"]
[PlyCount "63"]
[EventDate "2014.07.03"]
[EventType "swiss"]
[EventRounds "7"]
[EventCountry "GER"]
[SourceTitle "EXT 2017"]
[Source "ChessBase"]
[SourceDate "2016.10.25"]
[SourceVersion "1"]
[SourceVersionDate "2016.10.25"]
[SourceQuality "1"]

1. d4 Nf6 2. c4 e6 3. g3 Be7 4. Bg2 c6 5. Nf3 d6 6. 0-0 Nbd7 7. Nc3 0-0 8. Qc2 Re8 9. e4 Rb8 10. h3 b5 11. cxb5 cxb5 12. b4 a6 13. e5 dxe5 14. dxe5 Nd5 15. Re1 Nxb4 16. Qd2 Rb6 17. a3 Nc6 18. Qc2 Qc7 19. Bf4 Bc5 20. Ng5 g6 21. Nce4 Nd4 22. Qd3 Bb7 23. Nxc5 Qxc5 24. Rac1 Nxe5 25. Bxe5 Qe7 26. Qxd4 Rd8 27. Qxb6 Bxg2 28. Kxg2 Qxg5 29. h4 Qd2 30. Bf6 Qd5+ 31. Kg1 Re8 32. Qc6 1-0

[Event "Pinneberg op Seniors 14th"]
[Site "Pinneberg"]
[Date "2013.07.26"]
[Round "6"]
[White "Schaefer, Hans"]
[Black "Salinger, Bernhard"]
[Result "1/2-1/2"]
[WhiteElo "1040"]
[BlackElo "1227"]
[PlyCount "131"]
[EventDate "2013.06.20"]
[EventType "swiss"]
[EventRounds "7"]
[EventCountry "GER"]
[SourceTitle "EXT 2017"]
[Source "ChessBase"]
[SourceDate "2016.10.25"]
[SourceVersion "1"]
[SourceVersionDate "2016.10.25"]
[SourceQuality "1"]

1. d4 Nf6 2. e3 e6 3. Nf3 Be7 4. Be2 d6 5. 0-0 Nbd7 6. c4 b6 7. Nc3 Bb7 8. h3 0-0 9. b3 c6 10. Nh2 c5 11. f3 Nh5 12. e4 Ng3 13. Rf2 Bf6 14. Bf4 Nxe2+ 15. Nxe2 Bh4 16. g3 Be7 17. d5 e5 18. Be3 Bc8 19. Qd2 Nf6 20. Bg5 h6 21. Bxf6 Bxf6 22. Kg2 Bg5 23. f4 exf4 24. Nxf4 Qd7 25. Qe2 Kh7 26. Qg4 Qe7 27. Qf3 Qf6 28. Raf1 Bd7 29. Ng4 Bxg4 30. Qxg4 Qe7 31. Ne2 f6 32. Qf5+ g6 33. Qe6 Qc7 34. h4 Rae8 35. Qg4 h5 36. Qf3 Bh6 37. Nf4 Bxf4 38. Qxf4 Kg7 39. Qd2 Rxe4 40. Qc3 Qe7 41. Kh3 Re3 42. Qd2 Qd7+ 43. Kg2 Re4 44. Qd3 Rd4 45. Qe2 Rg4 46. Qe6 Qd8 47. Re1 Rf7 48. Qe8 Qxe8 49. Rxe8 g5 50. hxg5 h4 51. gxf6+ Rxf6 52. Re7+ Kg6 53. Rxf6+ Kxf6 54. Re6+ Kf5 55. Rxd6 Rxg3+ 56. Kh2 Ke5 57. Rh6 Rg4 58. Kh3 Rd4 59. Rxh4 Rxh4+ 60. Kxh4 a6 61. Kg4 b5 62. Kf3 bxc4 63. bxc4 a5 64. Ke3 a4 65. Kd3 Kd6 66. Ke4 1/2-1/2

[Event "Pinneberg op Seniors 13th"]
[Site "Pinneberg"]
[Date "2012.07.19"]
[Round "5"]
[White "Salinger, Bernhard"]
[Black "Luettig, Hendrik"]
[Result "0-1"]
[WhiteElo "1165"]
[BlackElo "1536"]
[PlyCount "114"]
[EventDate "2012.06.21"]
[EventType "swiss"]
[EventRounds "7"]
[EventCountry "GER"]
[SourceTitle "EXT 2013"]
[Source "ChessBase"]
[SourceDate "2012.11.22"]
[SourceVersion "1"]
[SourceVersionDate "2012.11.22"]
[SourceQuality "1"]

1. Nf3 d5 2. b3 Nf6 3. Bb2 e6 4. e3 Be7 5. Be2 0-0 6. 0-0 Nbd7 7. Nc3 a6 8. d4 b5 9. Bd3 Bb7 10. Ne2 Nb6 11. Ng3 h6 12. Ne5 Nbd7 13. f4 g6 14. Rf3 Ne4 15. Bxe4 dxe4 16. Rf2 Bh4 17. Nxd7 Qxd7 18. Qg4 Qd8 19. Raf1 Bc8 20. Rd2 e5 21. Qd1 Bxg3 22. hxg3 exf4 23. Rxf4 f5 24. d5 Qd6 25. Kf2 g5 26. Re2 Qg6 27. Qd4 Qh7 28. d6 Bb7 29. Re1 gxf4 30. Qe5 fxe3+ 31. Kxe3 cxd6 32. Qe6+ Rf7 33. Rh1 h5 34. g4 fxg4 35. Rf1 Rd8 36. Rf6 Bd5 37. Qxd5 Kf8 38. Qe6 Rxf6 39. Qxf6+ Ke8 40. Qe6+ Qe7 41. Qg6+ Qf7 42. Qxe4+ Qe7 43. Bc3 d5 44. Qxe7+ Kxe7 45. Bd4 Ke6 46. g3 Rf8 47. Ke2 Rf3 48. Bf2 Kf5 49. a4 bxa4 50. bxa4 Ke4 51. Be1 Re3+ 52. Kd2 Rxe1 53. Kxe1 Kf3 54. Kd2 Kxg3 55. Kd3 Kf2 56. Kd4 g3 57. Kxd5 g2 0-1

[Event "Pinneberg op Seniors 12th"]
[Site "Pinneberg"]
[Date "2011.07.28"]
[Round "7"]
[White "Kock, Rudolf"]
[Black "Salinger, Bernhard"]
[Result "1-0"]
[WhiteElo "1521"]
[BlackElo "1215"]
[PlyCount "99"]
[EventDate "2011.06.16"]
[EventType "swiss"]
[EventRounds "7"]
[EventCountry "GER"]
[SourceTitle "EXT 2012"]
[Source "ChessBase"]
[SourceDate "2011.11.24"]
[SourceVersion "1"]
[SourceVersionDate "2011.11.24"]
[SourceQuality "1"]

1. f4 d5 2. b3 e6 3. Nf3 Nd7 4. Bb2 b6 5. e3 Ngf6 6. Bb5 a6 7. Bxd7+ Bxd7 8. 0-0 Be7 9. a4 c5 10. Ne5 0-0 11. d3 Bd6 12. Nd2 Qc7 13. Ng4 e5 14. Nxf6+ gxf6 15. f5 Kh8 16. Qh5 Rg8 17. e4 d4 18. Rf3 Rg7 19. Nc4 Rag8 20. g3 Be8 21. Bc1 b5 22. Nxd6 Qxd6 23. a5 Qf8 24. Bh6 Rg5 25. Qxg5 fxg5 26. Bxf8 Rxf8 27. f6 h5 28. Rf5 Rg8 29. h4 Bd7 30. Rxe5 Kh7 31. Kh2 gxh4 32. Rxh5+ Kg6 33. Rxh4 Kg5 34. Rf1 Rg6 35. e5 Be6 36. Rf2 c4 37. dxc4 bxc4 38. bxc4 Bxc4 39. Rxd4 Be6 40. Kg1 Bh3 41. c4 Rg8 42. Rh4 Be6 43. Rff4 Rb8 44. Rh7 Rb1+ 45. Kf2 Rb2+ 46. Ke1 Rb1+ 47. Kd2 Rb2+ 48. Kc3 Rg2 49. Rg7+ Kh6 50. Rh4# 1-0

[Event "Pinneberg op Seniors 12th"]
[Site "Pinneberg"]
[Date "2011.06.22"]
[Round "2"]
[White "Salinger, Bernhard"]
[Black "Sachse, Theo"]
[Result "0-1"]
[WhiteElo "1215"]
[BlackElo "1211"]
[PlyCount "100"]
[EventDate "2011.06.16"]
[EventType "swiss"]
[EventRounds "7"]
[EventCountry "GER"]
[SourceTitle "EXT 2012"]
[Source "ChessBase"]
[SourceDate "2011.11.24"]
[SourceVersion "1"]
[SourceVersionDate "2011.11.24"]
[SourceQuality "1"]

1. Nf3 d5 2. b4 Nf6 3. Bb2 e6 4. a3 Bd6 5. d3 0-0 6. e3 Nbd7 7. Nbd2 h6 8. Be2 Ng4 9. h3 Nge5 10. d4 Nxf3+ 11. Nxf3 Nb6 12. c3 Na4 13. Qxa4 a6 14. Qc2 Bd7 15. Bd3 Qe7 16. 0-0 b5 17. Qd2 f6 18. Nh4 Be8 19. f4 f5 20. Nf3 Bh5 21. Be2 Bg6 22. g3 Bh7 23. Nh4 g5 24. Ng2 Rf7 25. Rac1 Kg7 26. Ne1 Rg8 27. Nf3 Kf8 28. Ne5 Rfg7 29. Rf2 gxf4 30. g4 Qh4 31. Bf1 Qg3+ 32. Bg2 fxg4 33. Rxf4+ Ke8 34. hxg4 Be4 35. Rcf1 Bxe5 36. dxe5 Rxg4 37. Qe2 Bxg2 38. Rxg4 Rxg4 39. Rf2 Bf3+ 40. Rg2 Bxg2 41. Qf2 Bh3+ 42. Qxg3 Rxg3+ 43. Kh2 Rxe3 44. Bc1 Rxc3 45. Bxh6 Rxa3 46. Bf4 Bf5 47. Bg3 Rb3 48. Be1 Re3 49. Bg3 Re4 50. Kg2 Rxb4 0-1

[Event "Pinneberg op Seniors 11th"]
[Site "Pinneberg"]
[Date "2010.08.05"]
[Round "7"]
[White "Salinger, Bernhard"]
[Black "Schleu, Guenther"]
[Result "0-1"]
[WhiteElo "1196"]
[BlackElo "1303"]
[PlyCount "86"]
[EventDate "2010.06.24"]
[EventType "swiss"]
[EventRounds "7"]
[EventCountry "GER"]
[SourceTitle "EXT 2011"]
[Source "ChessBase"]
[SourceDate "2010.11.26"]
[SourceVersion "1"]
[SourceVersionDate "2010.11.26"]
[SourceQuality "1"]

1. b3 e5 2. Bb2 Nc6 3. e3 a6 4. c4 Nf6 5. d3 Be7 6. Nf3 d6 7. Nbd2 Bg4 8. Be2 Qd7 9. h3 Bh5 10. g4 Bg6 11. Nh4 0-0 12. Nxg6 fxg6 13. Bf3 Rad8 14. g5 Nh5 15. h4 Qf5 16. Qe2 Nb4 17. Ne4 Qxf3 18. a3 Qxh1+ 19. Kd2 Qxh4 20. axb4 Bxg5 21. Kc3 Nf6 22. Nxf6+ Rxf6 23. b5 Rxf2 24. Qe1 Qg3 25. Qh1 Qxe3 26. Qd5+ Kh8 27. c5 Qd2+ 28. Kc4 Rf4+ 29. Bd4 Rxd4+ 30. Qxd4 exd4 31. bxa6 Qc3+ 32. Kb5 Qxa1 33. axb7 Qa7 34. cxd6 Rxd6 35. Kc4 Qxb7 36. b4 Qb6 37. Kb3 Qb5 38. Ka3 Rc6 39. Kb3 Rc3+ 40. Kb2 Qa4 41. b5 Qb3+ 42. Ka1 Rc2 43. b6 Qb2# 0-1

[Event "Pinneberg op Seniors 11th"]
[Site "Pinneberg"]
[Date "2010.07.15"]
[Round "4"]
[White "Mania, Irmgard"]
[Black "Salinger, Bernhard"]
[Result "0-1"]
[WhiteElo "836"]
[BlackElo "1196"]
[PlyCount "70"]
[EventDate "2010.06.24"]
[EventType "swiss"]
[EventRounds "7"]
[EventCountry "GER"]
[SourceTitle "EXT 2011"]
[Source "ChessBase"]
[SourceDate "2010.11.26"]
[SourceVersion "1"]
[SourceVersionDate "2010.11.26"]
[SourceQuality "1"]

1. e4 c6 2. Nf3 d5 3. exd5 cxd5 4. Nc3 Nc6 5. d4 Bg4 6. Be2 Nf6 7. h3 Bxf3 8. Bxf3 e6 9. Bf4 a6 10. 0-0 Be7 11. a3 Qd7 12. Na4 Bd8 13. Nc5 Qc8 14. Re1 0-0 15. b4 b6 16. Nd3 Nxd4 17. Rc1 Re8 18. c3 Nxf3+ 19. Qxf3 Ra7 20. Rc2 Bc7 21. Rec1 e5 22. Qg3 exf4 23. Nxf4 Qb8 24. Qf3 Bxf4 25. Re2 Rxe2 26. Qxe2 Bxc1 27. a4 Qd8 28. c4 Re7 29. Qd1 Qe8 30. Kf1 dxc4 31. Qxc1 Rd7 32. Qe1 Qd8 33. Qe2 c3 34. Qc2 Rd1+ 35. Ke2 Rd2+ 0-1

[Event "Pinneberg op Seniors 11th"]
[Site "Pinneberg"]
[Date "2010.07.08"]
[Round "3"]
[White "Salinger, Bernhard"]
[Black "Schaefer, Hans"]
[Result "0-1"]
[WhiteElo "1196"]
[BlackElo "1192"]
[PlyCount "120"]
[EventDate "2010.06.24"]
[EventType "swiss"]
[EventRounds "7"]
[EventCountry "GER"]
[SourceTitle "EXT 2011"]
[Source "ChessBase"]
[SourceDate "2010.11.26"]
[SourceVersion "1"]
[SourceVersionDate "2010.11.26"]
[SourceQuality "1"]

1. b3 e6 2. Bb2 d5 3. e3 c5 4. Nf3 Nc6 5. Bb5 Bd7 6. 0-0 a6 7. Bxc6 Bxc6 8. d3 f6 9. Nbd2 e5 10. Nh4 Qd7 11. d4 e4 12. g3 g5 13. Ng2 h5 14. dxc5 Bxc5 15. f4 Qg4 16. Qe1 Rh7 17. fxg5 Qxg5 18. Rf4 0-0-0 19. Qf2 Be7 20. a4 Kb8 21. Bd4 Bd7 22. c4 Bb4 23. cxd5 Qxd5 24. Nxe4 Qxb3 25. Qf1 Rc8 26. Rf2 Bc6 27. Rb1 Qd5 28. Rxb4 Qxe4 29. Ba7+ Kxa7 30. Rxe4 Bxe4 31. h4 Rhc7 32. Kh2 Rc1 33. Ne1 f5 34. Qg1 Nf6 35. Kh3 Ng4 36. Rd2 R1c4 37. Rd4 Rc1 38. a5 R8c5 39. Rd8 Rxa5 40. Rh8 Raa1 41. Qf1 Rxe1 42. Qc4 Bc6 43. Qc5+ b6 44. Rh7+ Bb7 45. Qc6 Rh1+ 46. Kg2 Rag1+ 47. Kf3 Rf1+ 48. Ke2 Re1+ 49. Kd2 Rd1+ 50. Ke2 Rhe1+ 51. Kf3 Ne5+ 52. Kf4 Nxc6 53. Kxf5 Rxe3 54. Kg5 Rxg3+ 55. Kxh5 Rd5+ 56. Kh6 Rh3 57. h5 Rhxh5+ 58. Kg6 Rxh7 59. Kf6 Rd8 60. Kg6 Rh1 0-1